000 01484namaa22003371i 4500
005 20260301114745.0
008 260211s1996 ua a|||frm||| 00| 0 eng d
040 _aEG-GICUC
_beng
_cEG-GICUC
_dEG-GICUC
_erda
041 0 _aeng
_beng
_bara
049 _aDeposite
097 _aPh.D
099 _aCai01.11.34.Ph.D.1996.Sa.m
100 0 _aSamih Zamel Sadek,
_epreparation.
245 1 0 _aMicrowave therapy thermotherapy as a treatment for senile prostatic enlargement /
_cBy Samih Zamel Sadek ; Supervised By Prof. Dr. Ismail Shoukry, Prof. Dr. Khaled Fawzi, Prof. Dr. Ahmed Morsi, Prof. Dr. Mohamed El Gammal.
246 1 5 _aاستخدام جهاز الميكروويف لعلاج تضخم البروستاتا الحميد
264 0 _c1996.
300 _a321 Leaves :
_billustrations ;
_c30 cm. +
336 _2rda content
_atext
337 _2rdamedia
_aUnmediated
338 _2rdacarrier
_avolume
502 _aThesis (Ph.D)-Cairo University, 1996.
504 _aBibliography: pages 288- 321
653 0 _aurology
_aprostatic enlargement
_aMicrowave therapy thermotherapy
700 0 _aIsmail Shoukry
_ethesis advisor.
700 0 _aKhaled Fawzi
_ethesis advisor.
700 0 _aAhmed Morsi
_ethesis advisor.
700 0 _aMohamed El Gammal
_ethesis advisor.
900 _DDepartment of Urology
_FFaculty of Medicine
_UCairo University
_b1996
_cIsmail Shoukry
_cKhaled Fawzi
_cAhmed Morsi
_cMohamed El Gammal
905 _aNermeen-A
_eNourhan
942 _2ddc
_cTH
_e21
_n0
999 _c178369